|
|
|
|
| LEADER |
00000nam2a2200000 4500 |
| 001 |
309102 |
| 005 |
20231102002146.0 |
| 020 |
|
|
|a RU
|b 83-60836ж
|
| 035 |
|
|
|a (RuTPU)RU\TPU\book\334424
|
| 035 |
|
|
|a RU\TPU\book\323560
|
| 090 |
|
|
|a 309102
|
| 100 |
|
|
|a 20151110c1981 k y0rusy5003 ca
|
| 101 |
0 |
|
|a rus
|
| 102 |
|
|
|a AM
|
| 105 |
|
|
|a a z 001zy
|
| 200 |
0 |
|
|a Вып. 1
|f отв. ред. Р. Н. Тоноян
|
| 210 |
|
|
|d 1981
|
| 215 |
|
|
|a 95 с.
|c ил.
|
| 320 |
|
|
|a Библиография в конце статей
|
| 461 |
|
1 |
|0 (RuTPU)RU\TPU\book\280362
|t Прикладная математика
|o межвузовский сборник научных трудов
|f Ереванский государственный университет
|v Вып. 1
|d 1981-1987
|
| 606 |
1 |
|
|a Математика прикладная
|2 stltpush
|3 (RuTPU)RU\TPU\subj\53312
|9 71627
|
| 610 |
1 |
|
|a оптимальное проектирование
|
| 610 |
1 |
|
|a множества
|
| 610 |
1 |
|
|a оценка
|
| 610 |
1 |
|
|a гипотеза Бержа
|
| 610 |
1 |
|
|a теорема Рамсея
|
| 610 |
1 |
|
|a логические графы
|
| 610 |
1 |
|
|a исчисление высказываний
|
| 675 |
|
|
|a 51-7
|z rus
|v 3
|
| 702 |
|
1 |
|a Тоноян
|b Р. Н.
|4 340
|
| 801 |
|
0 |
|a RU
|b RuMRKP
|c 19950704
|g psbo
|
| 801 |
|
1 |
|a RU
|b 63413507
|c 20140417
|
| 801 |
|
2 |
|a RU
|b 63413507
|c 20190917
|g RCR
|
| 942 |
|
|
|c BK
|